00385nam a22001217a 450000500170000002000190001703500120003603700130004810000190006124501070008026000510018730000250023820120510151236.0 a8120412923c00 aB-30202 aDPLbENG aVerghese, B.G. aWaters of hope :bFrom vision to reality in Himalaya-Ganga development cooperation /cby B.G. Verghese aNew DelhibOxford and IBH Publishing Co.c1999 axvii, 497p.c22 cms.